Νομισματική διαχείριση και οικονομική κρίση : η πολιτική της Tράπεζας της Ελλάδος, 1929-1941

Αποθηκεύτηκε σε:
Λεπτομέρειες βιβλιογραφικής εγγραφής
Κύριος συγγραφέας: Ψαλιδόπουλος, Μιχάλης Μ., 1950-
Συγγραφή απο Οργανισμό/Αρχή: Τράπεζα της Ελλάδος
Μορφή: Βιβλίο
Γλώσσα:Greek
Δημοσίευση: Αθήνα : Τράπεζα της Ελλάδος, 2011.
Θέματα:
Ετικέτες: Προσθήκη ετικέτας
Δεν υπάρχουν, Καταχωρήστε ετικέτα πρώτοι!

MARC

LEADER 00000cam a2200000 i 4500
001 1/17655
008 120208s2011 gr | ||| |||| ||gre||
020 |a 9789607032508 
035 |l 10111795 
040 |a GR-MY-UA  |b gre  |e aacr 
041 0 |a gre 
082 7 |a 332.49495   |2 (22) 
100 1 |a Ψαλιδόπουλος, Μιχάλης Μ.,   |d 1950- 
245 1 0 |a Νομισματική διαχείριση και οικονομική κρίση :   |b η πολιτική της Tράπεζας της Ελλάδος, 1929-1941 /   |c Μιχάλης Μ. Ψαλιδόπουλος.  
260 |a Αθήνα :   |b Τράπεζα της Ελλάδος,   |c 2011.  
300 |a 158 σ. :   |b πίν. ;   |c 30 εκ.  
504 |a Βιβλιογραφία: σ. 151-158.  
650 0 0 |a Monetary policy  |z Greece. 
650 0 0 |a Money. 
710 2 |a Τράπεζα της Ελλάδος. 
852 |a INST  |b CHIOS  |e 20120208  |h 332.49495 ΨΑΛ  |p 005200033155  |q 005200033155  |t BK  |y 0 
901 |a BIBL2-2012-1 
909 |a Χ  |b 168887 
970 |a ΠΟΥΛΑΚΗ  |b ΣΤΕΛΛΑ  |z 2012/02/08